Proceedings of the Specialist Meeting on Decommissioning Requirements in the Design of Nuclear Facilities, Paris, 17th-19th March 1980 = Compte rendu d'une reunion de specialistes sur les exigences liees au declassement dans la conception des installations nucleaires, Paris, 17-19 mars 1980.

Bibliographic Details
Corporate Authors: Specialist Meeting on Decommissioning Requirements in the Design of Nuclear Facilities Paris, France, OECD Nuclear Energy Agency
Format: Conference Proceeding Book
Language:English
French
Published: Paris : [Washington, D.C.] : Nuclear Energy Agency, Organisation for Economic Co- operation and Development ; [sold by OECD Publications and Information Center], [1980]
Series:Document - Organisation for Economic Co-operation and Development
Subjects:

MARC

Tag First Indicator Second Indicator Subfields
LEADER 00000cam a2200000 a 4500
001 in00000085770
005 20151008053301.0
008 820413s1980 fr a b i10010 engm
010 |a  81474874  
015 |a F*** 
020 |a 9264020993 (pbk.) 
035 |a (OCoLC)06964169 
035 |9 AAH6918AM 
040 |a DLC  |c DLC  |d m.c.  |d TXA  |d UtOrBLW 
041 0 |a eng  |a fre 
049 |a TXAM  |c [1197061] 
050 0 0 |a TK9151.4  |b  S64 1980 
082 0 |a 363.1/79  |2 19 
111 2 |a Specialist Meeting on Decommissioning Requirements in the Design of Nuclear Facilities  |d (1980 :  |c Paris, France) 
245 1 0 |a Proceedings of the Specialist Meeting on Decommissioning Requirements in the Design of Nuclear Facilities, Paris, 17th-19th March 1980 =  |b Compte rendu d'une reunion de specialistes sur les exigences liees au declassement dans la conception des installations nucleaires, Paris, 17-19 mars 1980. 
246 3 1 |a Compte rendu d'une reunion de specialistes sur les exigences liees au declassement dans la conception des installations nucleaires, Paris, 17-19 mars 1980. 
264 1 |a Paris :  |b Nuclear Energy Agency, Organisation for Economic Co- operation and Development ;  |a [Washington, D.C.] :  |b [sold by OECD Publications and Information Center],  |c [1980] 
264 4 |c ©1980 
300 |a 285 pages :  |b illustrations ;  |c 24 cm. 
336 |a text  |b txt  |2 rdacontent 
337 |a unmediated  |b n  |2 rdamedia 
338 |a volume  |b nc  |2 rdacarrier 
490 0 |a Document - Organisation for Economic Co-operation and Development 
500 |a Cover title: Decommissioning requirements in the design of nuclear facilities. 
500 |a Cover title: Declassement des installations nucleaires. 
500 |a English or French. 
504 |a Includes bibliographical references. 
650 0 |a Nuclear facilities  |x Decommissioning  |x Congresses. 
710 2 |a OECD Nuclear Energy Agency. 
740 0 |a Compte rendu d'une reunion de specialistes sur les exigences liees au declassement dans la conception des installations nucleaires, Paris 17-19 mars 1980. 
740 0 |a Declassement des installations nucleaires. 
740 0 |a Decommissioning requirements in the design of nuclear facilities. 
999 |a MARS 
999 f f |s e9e0267c-4780-36cf-9fcf-2553c39c0ae1  |i 7b56ec95-b699-3931-9e80-198a9298937d  |t 0 
952 f f |p ric  |a Texas A&M University  |b Rellis Campus  |c Joint Library Facility  |d Remote Storage  |t 0  |e TK9151.4 S64 1980  |h Library of Congress classification  |i unmediated -- volume  |m A14805949086 
998 f f |a TK9151.4 S64 1980  |t 0  |l Remote Storage